000 00716nam a22002417a 4500
999 _c668
_d668
005 20191005102336.0
008 191005b ||||| |||| 00| 0 eng d
020 _a9781484789773
020 _a9781484756881
_qBox set
040 _cKH8
082 _aFIC RIO
100 _aRiordan, Rick
_eauthor
245 _aThe lightning thief
_cRick Riordan
260 _aNew York :
_bDisney Hyperion Books,
_cc2006.
300 _a377 p.
_c20 cm.
440 _aPercy Jackson and the Olympians
_nbk. 1.
650 _aTitans (Mythology)
_vFiction
650 _aAnimals, Mythical
_vFiction
650 _a Monsters
_vFiction
650 _aFate and fatalism
_vFiction
650 _a Mythology, Greek
_vFiction
942 _2ddc
_cFIC